Geology and mineral resources of Elko County, Nevada, (Record no. 29249)
[ view plain ]
| 000 -LEADER | |
|---|---|
| fixed length control field | 01082cam a22002891 4500 |
| 001 - CONTROL NUMBER | |
| control field | gs 58000175 |
| 003 - CONTROL NUMBER IDENTIFIER | |
| control field | DLC |
| 005 - DATE AND TIME OF LATEST TRANSACTION | |
| control field | 20260227111406.0 |
| 008 - FIXED-LENGTH DATA ELEMENTS--GENERAL INFORMATION | |
| fixed length control field | 770701s1957 nvuab b 000 0 eng c |
| 010 ## - LIBRARY OF CONGRESS CONTROL NUMBER | |
| LC control number | gs 58000175 |
| 035 ## - SYSTEM CONTROL NUMBER | |
| System control number | (OCoLC)3087462 |
| 040 ## - CATALOGING SOURCE | |
| Original cataloging agency | U.S. Geol. Survey. Libr. |
| Transcribing agency | TxEU |
| Modifying agency | OCoLC |
| -- | WaChenE |
| -- | DLC |
| 042 ## - AUTHENTICATION CODE | |
| Authentication code | premarc |
| 050 00 - LIBRARY OF CONGRESS CALL NUMBER | |
| Classification number | QE138.E4 |
| Item number | G7 |
| 100 1# - MAIN ENTRY--PERSONAL NAME | |
| Personal name | Granger, Arthur Earle, |
| Dates associated with a name | 1911- |
| 245 10 - TITLE STATEMENT | |
| Title | Geology and mineral resources of Elko County, Nevada, |
| Statement of responsibility, etc. | by Arthur E. Granger [and others] |
| 260 ## - PUBLICATION, DISTRIBUTION, ETC. | |
| Place of publication, distribution, etc. | Reno, |
| Name of publisher, distributor, etc. | University of Nevada, |
| Date of publication, distribution, etc. | 1957. |
| 300 ## - PHYSICAL DESCRIPTION | |
| Extent | xix, 190, xxi-xxv p. |
| Other physical details | maps, diagrs., tables. |
| Dimensions | 23 cm. |
| 490 1# - SERIES STATEMENT | |
| Series statement | Nevada Bureau of Mines. Bulletin |
| Volume/sequential designation | 54 |
| 500 ## - GENERAL NOTE | |
| General note | "Prepared cooperatively by the United States Geological Survey." |
| 500 ## - GENERAL NOTE | |
| General note | Part of illustrative matter folded in pocket. |
| 504 ## - BIBLIOGRAPHY, ETC. NOTE | |
| Bibliography, etc. note | Bibliography: p. 173-177. |
| 650 #0 - SUBJECT ADDED ENTRY--TOPICAL TERM | |
| Topical term or geographic name entry element | Geology |
| Geographic subdivision | Nevada |
| -- | Elko County. |
| 650 #0 - SUBJECT ADDED ENTRY--TOPICAL TERM | |
| Topical term or geographic name entry element | Mines and mineral resources |
| Geographic subdivision | Nevada |
| -- | Elko County. |
| 710 2# - ADDED ENTRY--CORPORATE NAME | |
| Corporate name or jurisdiction name as entry element | Geological Survey (U.S.) |
| 830 #0 - SERIES ADDED ENTRY--UNIFORM TITLE | |
| Uniform title | Bulletin (Nevada Bureau of Mines) |
| Volume/sequential designation | no. 54. |
No items available.